| 000 | 00936nam a2200289 4500 | ||
|---|---|---|---|
| 001 | 0000015296 | ||
| 003 | CO-CtgCURN | ||
| 005 | 20250528131411.0 | ||
| 007 | ta | ||
| 008 | 160627s1998 000 0 eng d | ||
| 020 | _a9701019164 | ||
| 040 |
_aCO-CtgCURN _bspa _ccoctgcurn |
||
| 082 | 0 |
_a617.7 _bB17t |
|
| 100 | 1 | _aBartlett, Jimmy. | |
| 245 | 1 | 0 |
_aTerapéutica en oftalmología / _cJimmy Bartlett. |
| 250 | _a3a ed. | ||
| 260 |
_aMexico : _bMcGraw-Hill, _c1998. |
||
| 300 | _a506 p. | ||
| 336 | _2rdacontent | ||
| 337 |
_2rdamedia _asin mediacion _bn |
||
| 338 |
_2rdacarrier _avolumen _bnc |
||
| 505 | 8 | _aAnestesia topica y regional.--Dilatacion pupilar.--Enfermedades del sistema lagrimal.--Uveitis.--Tratamiento farmacologico del estrabismo | |
| 650 | 1 | 4 |
_aOftalmología _vManuales. |
| 908 | _a160627 | ||
| 942 |
_cBK _h617.7 _iB17t _2ddc _n0 |
||
| 999 |
_c23490 _d23490 |
||